<?xml version="1.0" encoding="UTF-8"?>
<record
    xmlns:xsi="http://www.w3.org/2001/XMLSchema-instance"
    xsi:schemaLocation="http://www.loc.gov/MARC21/slim http://www.loc.gov/standards/marcxml/schema/MARC21slim.xsd"
    xmlns="http://www.loc.gov/MARC21/slim">

  <leader>02563agaaa2200337   4500</leader>
  <controlfield tag="001">1586</controlfield>
  <controlfield tag="003">IT-RoPAU</controlfield>
  <controlfield tag="005">20220918181233.0</controlfield>
  <controlfield tag="007">d cvaizq</controlfield>
  <controlfield tag="008">50131s9999||||xx ||| |     ||   ||und||</controlfield>
  <datafield tag="040" ind1=" " ind2=" ">
    <subfield code="a">IT-RoPAU</subfield>
    <subfield code="c">IT-RoPAU</subfield>
  </datafield>
  <datafield tag="041" ind1=" " ind2=" ">
    <subfield code="a">ITALIANO</subfield>
  </datafield>
  <datafield tag="100" ind1=" " ind2=" ">
    <subfield code="a">Pollack Sydney</subfield>
    <subfield code="g">Codice regista SPICS: 1628</subfield>
    <subfield code="9">41573</subfield>
  </datafield>
  <datafield tag="130" ind1=" " ind2=" ">
    <subfield code="a">NON SI UCCIDONO COSI' ANCHE I CAVALLI?</subfield>
    <subfield code="9">41574</subfield>
  </datafield>
  <datafield tag="240" ind1=" " ind2=" ">
    <subfield code="a">THEY SHOOT HORSES, DON'T THEY?</subfield>
    <subfield code="g">T1716</subfield>
  </datafield>
  <datafield tag="245" ind1=" " ind2=" ">
    <subfield code="a">NON SI UCCIDONO COSI' ANCHE I CAVALLI?</subfield>
    <subfield code="c">Prodotto da: Winkler Chartoff -- Sceneggiatura: Poe James Thompson Robert E. -- Diretto da: Pollack Sydney</subfield>
    <subfield code="p">NON SI UCCIDONO COSI' ANCHE I CAVALLI? (Rif. Codice opera principale : 21586)</subfield>
  </datafield>
  <datafield tag="246" ind1=" " ind2=" ">
    <subfield code="a">THEY SHOOT HORSES, DON'T THEY?</subfield>
  </datafield>
  <datafield tag="250" ind1=" " ind2=" ">
    <subfield code="a">Edizione Standard</subfield>
  </datafield>
  <datafield tag="260" ind1=" " ind2=" ">
    <subfield code="a">(USA)</subfield>
    <subfield code="b">CHARTOFF ROBERT - WINKLER IRWIN / Distribuzione: RAI</subfield>
    <subfield code="g">"1969 (1&#xB0; ed.: 1982 ; Ed. Lingua Orig.: 1969)"</subfield>
  </datafield>
  <datafield tag="300" ind1=" " ind2=" ">
    <subfield code="a">VHS</subfield>
    <subfield code="b">sonoro, col.</subfield>
    <subfield code="c">119 minuti</subfield>
  </datafield>
  <datafield tag="508" ind1=" " ind2=" ">
    <subfield code="a">"Fotografia: Lathrop Philip H.; Montaggio: Steinkamp Fredric; Musica: Green John; Sceneggiatura: Poe James Thompson Robert E.; Scenografia: Horner Harry; "</subfield>
  </datafield>
  <datafield tag="511" ind1=" " ind2=" ">
    <subfield code="a">"Fonda Jane; Sarrazin Michael; York Susannah; Young Gig; Bedella Bonnie; Conrad M."</subfield>
  </datafield>
  <datafield tag="520" ind1=" " ind2=" ">
    <subfield code="a">NEGLI STATI UNITI DURANTE LA GRANDE DEPRESSIONE SEGUITA ALLA CRISI DEL 1929 SONO MOLTO IN VOGA LE MARATONE DI BALLO SFIBRANTI GARE CHE VEDONO POVERE COPPIE DI DISPERATI IMPEGNATI A DANZARE PER GIORNI E GIORNI A CACCIA DI UN COSPICUO PREMIO DI DOLLARI A UNO DI QUESTI CRUDELI SPETTACOLI ORGANIZZATI DA IMPRESARI SENZA SCRUPOLI E CHE SI SVOLGONO DI FRONTE AD UN PUBBLICO AVIDODI SENSAZIONI MALSANE PARTECIPANO TRA GLI ALTRI UNA ASPIRANTE ATTRICE CHE SPERA VINCENDO DI OTTENERE UN CONTRATTO CINEMATOGRAFICO E FINISCE, INVECE, PER DIVENTARE PAZZA UN MARINAIO AVANTI NEGLI ANNI CHE SI PRODIGA FINO A CROLLARE COME MORTO UNA GIOVANE DONNA INCINTA ACCOMPAGNATA DAL MARITO E INFINEUNA RAGAZZA GLORIA SEGNATA DALLA DISPERAZIONE E PER LA QUALE VINCERE SEMBRA DAVVERO UNA QUESTIONE VITALE QUANDO SI RENDE CONTO PERO' CHE NEMMENO LA VITTORIA POTRA' CAMBIARE LA SUA ESISTENZA GLORIA INDUCE IL SUO COMPAGNO DI BALLO ROBERTO A UCCIDERLA CON UN COLPO DI PISTOLA FILM A COLORI</subfield>
  </datafield>
  <datafield tag="538" ind1=" " ind2=" ">
    <subfield code="a">PAL, STEREO</subfield>
  </datafield>
  <datafield tag="546" ind1=" " ind2=" ">
    <subfield code="a">ITALIANO</subfield>
  </datafield>
  <datafield tag="650" ind1=" " ind2=" ">
    <subfield code="a">DRAMMATICO</subfield>
    <subfield code="e">FILMS [VHS]</subfield>
    <subfield code="x">Codice MATERIA SPICS: 9960</subfield>
    <subfield code="9">34083</subfield>
  </datafield>
  <datafield tag="700" ind1=" " ind2=" ">
    <subfield code="a">Green John</subfield>
    <subfield code="e">(musica)</subfield>
    <subfield code="g">Codice Musica SPICS: 29755</subfield>
    <subfield code="9">41575</subfield>
  </datafield>
  <datafield tag="700" ind1=" " ind2=" ">
    <subfield code="a">Mc Coy Horace </subfield>
    <subfield code="e">(soggetto)</subfield>
    <subfield code="g">Codice Soggetto SPICS: 29757</subfield>
    <subfield code="9">41576</subfield>
  </datafield>
  <datafield tag="700" ind1=" " ind2=" ">
    <subfield code="a">Pollack Sydney </subfield>
    <subfield code="e">(regista)</subfield>
    <subfield code="g">Codice regista SPICS: 1628</subfield>
    <subfield code="9">41577</subfield>
  </datafield>
  <datafield tag="942" ind1=" " ind2=" ">
    <subfield code="c">VH</subfield>
    <subfield code="2">ddc</subfield>
  </datafield>
  <datafield tag="999" ind1=" " ind2=" ">
    <subfield code="c">105467</subfield>
    <subfield code="d">105467</subfield>
  </datafield>
  <datafield tag="952" ind1=" " ind2=" ">
    <subfield code="0">0</subfield>
    <subfield code="1">0</subfield>
    <subfield code="4">0</subfield>
    <subfield code="6">21586_000000000000000</subfield>
    <subfield code="7">1</subfield>
    <subfield code="a">SPICS</subfield>
    <subfield code="b">SPICS</subfield>
    <subfield code="d">2015-01-31</subfield>
    <subfield code="l">0</subfield>
    <subfield code="o">21586</subfield>
    <subfield code="r">2015-01-31 00:00:00</subfield>
    <subfield code="w">2015-01-31</subfield>
    <subfield code="y">VH</subfield>
    <subfield code="z">Progr. Ins.: 1382 / N.Vol.:1 / Copie: 1 / Pag.: / Copia rara: n.d. / date import: 1.2.2015 / By Epidotti, Trombetti, Vaglietti</subfield>
  </datafield>
</record>
